000 01019nas a2200313 4500
001 BR2018000413
003 BR-BrBNA
005 20231205131237.0
007 ta
008 230509b bl.|||p| |||| 00| 00por d
040 _aBR-BrBNA
_bpor
_cBiblioteca Nacional de Agricultura
041 _a(En)
072 _aF60; F61
100 1 _aDomiciano, G.P.
100 1 _aKobayashi, A.K.
100 1 _aMolinari, H.B.C.
100 1 _aLaviola, B.G.
100 1 _aAlves, A.A.
245 1 _aPhotosynthetic performance of contrasting Jatropha curca genotypes during the flowering and fruiting stages
650 _aPINHÃO DE PURGA
650 _aFISIOLOGIA VEGETAL
650 _aBIOQUÍMICA
650 _aFOTOSSÍNTESE
650 _aGENÓTIPO
773 0 _tPesquisa Agropecuária Brasileira (Brazil)
_xISSN 1678-3921
_g(Jan 2018), v. 53(1) p. 10-21
_wBR2018000413
856 4 0 _uhttp://seer.sct.embrapa.br/index.php/pab/article/view/23753/14101
909 _a202311
_bLúcia
_c55
_dLúcia Elande
942 _2AGRIS
_n0
_cANA
999 _c253761
_d253761